000 00430nam a2200169Ia 4500
008 151018s9999 xx 000 0 und d
082 _bRBASDV2806
_a823
100 _aGreen Grmham
245 _aGraham Green 19 stories
260 _b"Lion Book , Lnc."
300 _a192
600 _aGreen Grmham
630 _aGraham Green 19 stories
700 _aGreen Grmham
730 _aGraham Green 19 stories
942 _cBOOK
999 _c1005222
_d1005219